| 000 -LEADER |
| fixed length control field |
00953nam a22001817a 4500 |
| 005 - DATE AND TIME OF LATEST TRANSACTION |
| control field |
20260123085850.0 |
| 008 - FIXED-LENGTH DATA ELEMENTS--GENERAL INFORMATION |
| fixed length control field |
230713b ||||| |||| 00| 0 eng d |
| 040 ## - CATALOGING SOURCE |
| Transcribing agency |
SSBUL |
| Modifying agency |
SSBUL |
| 082 ## - DEWEY DECIMAL CLASSIFICATION NUMBER |
| Edition number |
23 |
| Classification number |
၉၂၇.၉၂၀၂၈ အောင် ၁၆၀၀၈ (S-SAT) |
| 100 ## - MAIN ENTRY--PERSONAL NAME |
| Personal name |
အောင်ပြေညို၊ |
| Titles and words associated with a name |
(နံ့သာပြေ)။ |
| 9 (RLIN) |
27885 |
| 245 ## - TITLE STATEMENT |
| Title |
ပခန်းအနူသဘင်ကျော်များ / |
| Statement of responsibility, etc. |
အောင်ပြေညို(နံ့သာမြေ)။ |
| 260 ## - PUBLICATION, DISTRIBUTION, ETC. |
| Place of publication, distribution, etc. |
ရန်ကုန်၊ |
| Name of publisher, distributor, etc. |
စာပေဗိမာန်၊ |
| Date of publication, distribution, etc. |
၁၉၈၆။ |
| 300 ## - PHYSICAL DESCRIPTION |
| Extent |
၁၉၆ စာမျက်နှာ၊ |
| Dimensions |
၁၈ စင်တီ။ |
| 500 ## - GENERAL NOTE |
| General note |
S-SAT: Dr. Prof Sai Aung Tun |
| 650 ## - SUBJECT ADDED ENTRY--TOPICAL TERM |
| Topical term or geographic name entry element |
အနုပညာရှင်များ |
| Form subdivision |
အတ္ထုပ္ပတ္တိ။ |
| 9 (RLIN) |
27886 |
|
| Topical term or geographic name entry element |
အနုပညာရှင်များ |
| Geographic subdivision |
မြန်မာနိုင်ငံ။ |
| 9 (RLIN) |
27887 |
| 942 ## - ADDED ENTRY ELEMENTS (KOHA) |
| Source of classification or shelving scheme |
|
| Koha item type |
Book (Short term) |